On This Day: April 9th II Quiz Stats

 Plays Quiz Updated Apr 9, 2018

Score 0/7 Timer 03:00
0 Plays Today
Question Answer Wrong Answers
This city in Iraq falls to American forces, and Iraqis tear down a grand statue of their former leader, Saddam Hussein.
2003
Baghdad
83.2%
Mosul
9.5%
Damascus
1.8%
Beirut
2.7%
This American actress, who received widespread recognition for playing Bella Swan in ‘The Twilight Saga’ film series, is born.
1990
Kristen Stewart
79.7%
Emma Watson
4.6%
Jennifer Lawrence
7.4%
Emma Stone
5.8%
In Tbilisi, ______, some 60,000 people protest against the government of Mikheil Saakashvili.
2009
Georgia
67%
Armenia
9.8%
Kazakhstan
13.8%
Moldova
6.4%
Hugo Ballivián's government is overthrown by revolutionaries in this country, who start a period of agrarian reform, universal suffrage, and the nationalization of tin mines.
1952
Bolivia
62.4%
Brazil
8.1%
Argentina
23.3%
Mexico
4.9%
The first game of the ______ Basketball Association, the second oldest continuously existing professional basketball league in the world, is played in Quezon City.
1975
Philippine
57.3%
Chinese
23.8%
Japanese
7%
South Korean
9.7%
NASA announces the selection of the United States' first seven astronauts, whom the news media quickly dub the ‘______’.
1959
Mercury Seven
50.7%
Gemini Seven
12.4%
Apollo Seven
31.7%
Columbia Seven
3.6%
German forces launch their third offensive of this major World War I battle, the largest and longest battle on the Western Front.
1916
Battle of Verdun
48.9%
Battle of Stalingrad
8.7%
Battle of the Bulge
38.4%
Battle of Warsaw
3.9%

You're not logged in!

Compare scores with friends on all Sporcle quizzes.
OR
Log In

Sporcle TV

Today on Sporcle TV


Watch our educational content, quiz creation guides, and fun videos on Sporcle TV.

Show Comments

Extras

Top Quizzes Today


Score Distribution

Your Account Isn't Verified!

In order to create a playlist on Sporcle, you need to verify the email address you used during registration. Go to your Sporcle Settings to finish the process.

Report this User

Report this user for behavior that violates our Community Guidelines.

Details: